[Event "Eu Team Ch"]
[Site "Batumi GEO"]
[Date "1999.12.07"]
[Round "9"]
[White "Dydyshko,V"]
[Black "Chernin,A"]
[Result "1/2-1/2"]
[WhiteElo "2521"]
[BlackElo "2619"]

1.d4 d5 2.c4 c6 3.Nc3 Nf6 4.e3 e6 5.Nf3 Nbd7 6.Bd3 dxc4 7.Bxc4 b5 8.Be2 Bb7
9.O-O a6 10.e4 c5 11.d5 exd5 12.e5 Ne4 13.Nxd5 Nxe5 14.Nxe5 Qxd5 15.Qxd5 Bxd5
16.Rd1 Be6 17.a4 b4 18.Be3 Be7 19.Nc6 Bb3 20.Nxe7 Bxd1 21.Rxd1 Kxe7 22.f3 Nd6
23.Bxc5 Rhd8 24.Bxb4 a5 25.Bc3 Nb7 26.Re1 Kf8 27.Bb5 Nc5 28.h4 Ne6 29.Re5 Rac8
30.Kf2 Rc5 31.Re4 Nc7 32.Rc4 Rxc4 33.Bxc4  1/2-1/2

[Event "Eu Team Ch"]
[Site "Batumi GEO"]
[Date "1999.12.07"]
[Round "9"]
[White "Cvitan,O"]
[Black "Tofan,I"]
[Result "1-0"]
[WhiteElo "2511"]
[BlackElo "2247"]

1.d4 Nf6 2.Nf3 d5 3.c4 c6 4.Nc3 e6 5.e3 Nbd7 6.Bd3 Be7 7.O-O O-O 8.Qe2 Qc7
9.Bd2 dxc4 10.Bxc4 e5 11.Bb3 Bd6 12.h3 h6 13.e4 exd4 14.Nxd4 Bc5 15.Be3 Re8
16.Qc4 Rf8 17.Rac1 b6 18.f4 Bb7 19.e5 Nd5 20.Nxd5 cxd5 21.Qd3 Rae8 22.Rf3 Rxe5
23.fxe5 Nxe5 24.Qd1 Nxf3+ 25.Qxf3 Qe5 26.Rd1 Re8 27.Bf2 Bd6 28.g3 Bc5 29.Kg2 Qg5
30.h4 Qg6 31.Bxd5 Bxd5 32.Qxd5 Qf6 33.Qf3 Qg6 34.a3 a5 35.Nf5 Qf6 36.Bxc5 bxc5
37.Rd2 Rb8 38.Re2 Kh7 39.Ne7 Qxf3+ 40.Kxf3 Rb3+ 41.Kf2 c4 42.Nd5 g6 43.Rc2 Kg7
44.Nc3 Rb6 45.Nd1 Rf6+ 46.Ke2 Rb6 47.Rxc4 f5 48.b4 axb4 49.axb4 g5  1-0

[Event "Eu Team Ch"]
[Site "Batumi GEO"]
[Date "1999.12.07"]
[Round "9"]
[White "Gaprindashvili,V"]
[Black "Pelletier,Y"]
[Result "1/2-1/2"]
[WhiteElo "2390"]
[BlackElo "2479"]

1.d4 d5 2.c4 e6 3.Nc3 c6 4.e3 Nf6 5.Nf3 Nbd7 6.Qc2 Bd6 7.Be2 O-O 8.O-O dxc4
9.Bxc4 b5 10.Be2 Bb7 11.Rd1 Qb8 12.Ne4 Nxe4 13.Qxe4 c5 14.Qh4 Nf6 15.Bd3 c4
16.Bc2 Qd8 17.Ne5 Ne4 18.Qxd8 Rfxd8 19.f3 Nf6 20.e4 Bxe5 21.dxe5 Rxd1+ 22.Bxd1 Nd7
23.Bf4 Rd8 24.Bc2 Nb8 25.a3 Nc6 26.Rd1 Rxd1+ 27.Bxd1 a5 28.Kf2 Kf8 29.Ke3 Ba6
30.Bg3 Ke7 31.f4 Kd7 32.Bf2 Kc7 33.Bh5 g6 34.Bd1 a4 35.Kd2 Bb7 36.Bc2 Nb8
37.Kc3 Na6 38.h4 Kc6 39.g3 Nc5 40.Bd4 Nb3 41.Be3 Nc5 42.g4 Ba6 43.f5 Nd3  1/2-1/2

[Event "FSGM December"]
[Site "Budapest HUN"]
[Date "1999.12.07"]
[Round "4"]
[White "Li Wenliang"]
[Black "Horvath,Cs"]
[Result "1/2-1/2"]
[WhiteElo "2381"]
[BlackElo "2509"]

1.d4 Nf6 2.c4 e6 3.Nf3 d5 4.Nc3 c6 5.e3 Nbd7 6.Qc2 Bd6 7.b3 O-O 8.Be2 Re8
9.O-O dxc4 10.bxc4 e5 11.Rd1 Qe7 12.Rb1 h6 13.a4 exd4 14.exd4 Nf8 15.h3 Ng6
16.Bf1 Qc7 17.Bd2 Be6 18.a5 Rad8 19.Be1 Bc8 20.Rb2 Bf8  1/2-1/2

[Event "Open"]
[Site "Las Palmas ESP"]
[Date "1999.12.08"]
[Round "8"]
[White "Angel Acosta,J"]
[Black "Castellano Ojeda,J"]
[Result "1/2-1/2"]
[WhiteElo "2273"]
[BlackElo "2190"]

1.d4 d5 2.Nf3 Nf6 3.c4 e6 4.e3 c6 5.Nc3 Nbd7 6.Bd3 Be7 7.O-O O-O 8.b3 b6
9.Qe2 Bb7 10.Rd1 Qc7 11.Bb2 Rac8 12.Rac1 Qb8 13.e4 dxe4 14.Nxe4 Nxe4 15.Qxe4 g6
16.Ne5 Nxe5 17.dxe5 Rfd8 18.Be2 c5 19.Qe3 Rxd1+ 20.Rxd1 Rd8 21.Bc3 Rxd1+
22.Bxd1 Qd8 23.Be2 Qa8 24.f3 Qd8 25.Kf2 Bg5 26.f4 Bh4+ 27.g3 Be7 28.Bf3 Qd7
29.Ke2 b5 30.cxb5 Qxb5+ 31.Kd2 Bd5 32.Be2 Qc6 33.Bd3 Bd8 34.Qe2  1/2-1/2

[Event "Cairnhill Open"]
[Site "Singapore SIN"]
[Date "1999.12.10"]
[Round "3"]
[White "Lim Chuing Hoong"]
[Black "Tirto"]
[Result "1/2-1/2"]
[WhiteElo "2226"]
[BlackElo "2100"]

1.d4 d5 2.c4 c6 3.Nf3 e6 4.e3 Nf6 5.Nc3 Nbd7 6.Qc2 Bd6 7.Bd3 a6 8.c5 Bc7
9.e4 e5 10.exd5 cxd5 11.dxe5 Nxe5 12.Nxe5 Bxe5 13.Ne2 O-O 14.O-O b6 15.f4 Bc7
16.Be3 Re8 17.Bd4 bxc5 18.Qxc5 Ne4 19.Bxe4 Rxe4 20.Rac1 Ba5 21.b4 Rxe2 22.bxa5 Bf5
23.Rf2 Rxf2 24.Kxf2 Qh4+ 25.Kg1 Qxf4 26.Bb2 Qd2 27.Qf2 Qxf2+ 28.Kxf2 Bd3
29.Rc3 Bc4 30.Rg3 g6 31.a3 f5 32.Re3 Kf7 33.Bd4 Rc8 34.Kf3  1/2-1/2

[Event "Bundesliga 1999-2000"]
[Site "Hamburg GER"]
[Date "1999.12.11"]
[Round "5"]
[White "Hansen,LB"]
[Black "Ziegler,A"]
[Result "1-0"]
[WhiteElo "2564"]
[BlackElo "2404"]

1.d4 d5 2.c4 c6 3.Nc3 Nf6 4.e3 e6 5.Nf3 Nbd7 6.Qc2 Bd6 7.b3 O-O 8.Be2 dxc4
9.bxc4 e5 10.O-O Re8 11.Rd1 e4 12.Nd2 Qe7 13.a4 Nf8 14.Qa2 Bg4 15.Ba3 Bxe2
16.Bxd6 Qxd6 17.Nxe2 Ng4 18.Ng3 h5 19.h3 Nf6 20.c5 Qd7 21.Nc4 h4 22.Ne5 Qe6
23.Qxe6 fxe6 24.Nf1 Rac8 25.Nd2 Rc7 26.Nec4 Ree7 27.Rab1 N8d7 28.Nd6 e5 29.Rxb7 Rxb7
30.Nxb7 exd4 31.exd4 Nd5 32.Nd8 e3 33.fxe3 Rxe3 34.Nf3 Nc3 35.Rd2 Nf6 36.Nxc6 Nfe4
37.Rb2 Ne2+ 38.Kh2 N4g3 39.Rb1 g5 40.Nce5 Nxd4 41.Nxd4 Rxe5 42.Rc1 Ne4 43.c6 Nd6
44.c7 Nc8 45.Rb1 Kf7 46.Rb8 Re8 47.Nf5  1-0

[Event "Bundesliga 1999-2000"]
[Site "Hamburg GER"]
[Date "1999.12.11"]
[Round "5"]
[White "Kempinski,R"]
[Black "Jussupow,A"]
[Result "0-1"]
[WhiteElo "2549"]
[BlackElo "2636"]

1.d4 d5 2.c4 c6 3.Nc3 Nf6 4.Nf3 e6 5.e3 Nbd7 6.Qc2 Bd6 7.g4 Nxg4 8.Rg1 f5
9.h3 Ngf6 10.Rxg7 Ne4 11.Rg2 Nf8 12.Bd2 Ng6 13.O-O-O Bd7 14.Qb3 Rb8 15.cxd5 cxd5
16.Bb5 a6 17.Bxd7+ Qxd7 18.h4 b5 19.h5 Ne7 20.Kb1 b4 21.Na4 Qb5 22.Bc1 Qe2
23.Ng1 Qxh5 24.f3 Nf6 25.Qd3 Rb5 26.b3 Kf7 27.Bb2 f4 28.Nc5 Rc8 29.Ka1 Bxc5
30.dxc5 Rbxc5 31.Ne2 Qf5 32.Qxa6 fxe3 33.Nd4 Qh3 34.Rgg1 e5 35.Nb5 R8c6 36.Qa5 d4
37.f4 e2 38.Rde1 Qd3 39.Nd6+ Ke6 40.Qa7 Kxd6 41.fxe5+ Rxe5 42.Bxd4 Ra5 43.Qb8+ Ke6
44.Qxb4 Rxa2+ 45.Kxa2 Qc2+  0-1

[Event "Vikings GMB"]
[Site "York ENG"]
[Date "1999.12.14"]
[Round "2"]
[White "Krush,I"]
[Black "Gormally,D"]
[Result "0-1"]
[WhiteElo "2432"]
[BlackElo "2476"]

1.d4 d5 2.c4 c6 3.Nc3 Nf6 4.e3 e6 5.Nf3 Nbd7 6.Qc2 Bd6 7.b3 O-O 8.Be2 Qe7
9.O-O b6 10.e4 dxe4 11.Nxe4 Nxe4 12.Qxe4 Bb7 13.Bd3 f5 14.Qe2 c5 15.dxc5 Nxc5
16.Bc2 e5 17.Bb2 e4 18.Nd4 Qh4 19.f4 exf3 20.gxf3 Rae8 21.Qg2 Be5 22.Qf2 Qxf2+
23.Kxf2 Bxd4+ 24.Bxd4 Ne6 25.Rad1 Ng5 26.f4 Nf3 27.Kg3 Nxd4 28.Rxd4 Re3+
29.Kf2 Rh3 30.Kg1 Rh4 31.Rf2 g6 32.b4 Re8 33.Kf1 Re7 34.Bd3 Rh3 35.Re2 Rxe2
36.Bxe2 Be4 37.Kg1 Ra3 38.c5 bxc5 39.bxc5 Kf8 40.Bc4 Ke7 41.Bb3 Ra5 42.Rc4 Kd7
43.Kf2 Kc6 44.Ba4+ Kc7 45.Bb3 Kc6 46.Ba4+ Kd5 47.Bb3 Rxc5 48.Ra4+ Kd6 49.Rxa7 Rc3
50.Rxh7 Rf3+ 51.Ke2 Rxf4 52.h4 Rg4 53.h5 g5 54.h6 Ke5 55.Rg7 Rg2+ 56.Kf1 Kf4
57.h7 Rh2 58.Bg8 g4 59.Rc7 g3 60.a4 Rh1+ 61.Ke2 Bf3+ 62.Kd2 g2 63.Rc1 Rxc1
64.h8=Q g1=Q 65.Qh6+ Kg3 66.Qd6+ f4 67.Qa6 Bg4 68.Qd3+ f3  0-1

[Event "FSGM December"]
[Site "Budapest HUN"]
[Date "1999.12.16"]
[Round "13"]
[White "Wang Rui"]
[Black "Lukacs,P"]
[Result "1/2-1/2"]
[WhiteElo "2396"]
[BlackElo "2475"]

1.Nf3 d5 2.d4 Nf6 3.c4 c6 4.Nc3 e6 5.e3 Nbd7 6.Qc2 Bd6 7.Bd3 O-O 8.O-O dxc4
9.Bxc4 b5 10.Be2 Bb7 11.a3 Re8 12.Rd1 Qb8 13.e4 e5 14.g3 a5 15.dxe5 Nxe5
16.Bg5 Nxf3+ 17.Bxf3 Be5 18.Rac1 h6 19.Be3 Bxc3 20.Qxc3 Nxe4 21.Bxe4 Rxe4
22.Rd7 Rc4 23.Qd2 Rxc1+ 24.Qxc1 Qc8 25.Qd2 c5 26.Qd6  1/2-1/2

[Event "Vikings Masters"]
[Site "York ENG"]
[Date "1999.12.16"]
[Round "4"]
[White "Neiman,E"]
[Black "Bhat,V"]
[Result "0-1"]
[WhiteElo "2353"]
[BlackElo "2388"]

1.d4 d5 2.c4 e6 3.Nf3 c6 4.Nc3 Nf6 5.e3 Nbd7 6.Bd3 dxc4 7.Bxc4 b5 8.Bd3 a6
9.e4 c5 10.e5 cxd4 11.Nxb5 axb5 12.exf6 gxf6 13.O-O Qb6 14.Qe2 Ba6 15.Rd1 Rd8
16.a4 Nc5 17.axb5 Bb7 18.Bf4 Bg7 19.Nd2 Nxd3 20.Qxd3 e5 21.Nc4 Qc5 22.Na5 Ba8
23.Rdc1 Qd5 24.Nc6 Bf8 25.Qh3 Rg8 26.Rxa8 Rxa8 27.b6 Qb5 28.Nxe5 fxe5 29.Rc8+ Ke7
30.Rxa8 exf4 31.Qxh7 Rxg2+ 32.Kxg2 Qd5+ 33.f3 Qxa8 34.Qf5 Qc6 35.Qe5+ Kd7
36.Qxd4+ Bd6 37.h4 Qc2+ 38.Kh3 Qb3 39.Kg2 Kc6 40.h5 Qxb6 41.Qc4+ Qc5 42.Qa4+ Kc7
43.h6 Qg5+ 44.Kf1 Qxh6 45.Qa7+ Kd8 46.Qb6+ Ke7 47.Qb7+ Kf6 48.Qc6 Kg7 49.Kg2 Qg6+
50.Kf1 Qd3+ 51.Kg2 Qe2+ 52.Kh3 Qf1+ 53.Kh2 Qf2+ 54.Kh1 Bc5  0-1

[Event "Young Masters"]
[Site "Groningen NED"]
[Date "1999.12.19"]
[Round "1"]
[White "Weiss,C"]
[Black "Mariano,E"]
[Result "1-0"]
[WhiteElo "2444"]
[BlackElo "2235"]

1.d4 d5 2.Nf3 Nf6 3.c4 e6 4.Nc3 c6 5.e3 Nbd7 6.Bd3 Bd6 7.O-O O-O 8.e4 dxc4
9.Bxc4 e5 10.Bg5 Qe7 11.Bh4 exd4 12.Nxd4 Ne5 13.Bb3 Rd8 14.Qe2 Ng6 15.Bxf6 Qxf6
16.Nc2 Nf4 17.Qe3 Bh3 18.e5 Bxe5 19.Ne4 Qh4 20.Ng3 Bxg2 21.Qxe5 Re8 22.Qf5 Bxf1
23.Bxf7+ Kh8 24.Bxe8 Rxe8 25.Rxf1  1-0

[Event "Young Masters"]
[Site "Groningen NED"]
[Date "1999.12.20"]
[Round "2"]
[White "Van Kooten,L"]
[Black "Lehmann,Ho"]
[Result "1-0"]
[WhiteElo "2331"]
[BlackElo "2164"]

1.d4 d5 2.Nf3 c6 3.c4 e6 4.e3 Nf6 5.Nc3 Nbd7 6.Qc2 Bd6 7.b3 O-O 8.Be2 a6
9.O-O e5 10.cxd5 cxd5 11.dxe5 Nxe5 12.Bb2 b5 13.Rac1 Nfg4 14.g3 Qf6 15.Nxe5 Bxe5
16.Nxd5 Qh6 17.Bxg4 Bxb2 18.Ne7+ Kh8 19.Nxc8 Bxc1 20.Rxc1 f5 21.Bxf5 Qf6
22.e4 g6 23.Bh3 Kg7 24.Qc3 a5 25.f4 b4 26.Qxf6+ Kxf6 27.Nb6  1-0

[Event "WGM"]
[Site "Groningen NED"]
[Date "1999.12.24"]
[Round "5"]
[White "Khurtsidze,N"]
[Black "Zhukova,N"]
[Result "0-1"]
[WhiteElo "2472"]
[BlackElo "2462"]

1.d4 d5 2.c4 c6 3.Nc3 Nf6 4.e3 e6 5.Nf3 Nbd7 6.Qc2 Bd6 7.Bd2 O-O 8.O-O-O c5
9.e4 cxd4 10.Nxd4 Be5 11.Bg5 dxe4 12.f4 Bxd4 13.Rxd4 Qa5 14.Rd1 b6 15.Nxe4 Qxa2
16.Bxf6 Nxf6 17.Nxf6+ gxf6 18.Qc3 Bb7 19.Bd3 Rfc8 20.Rhe1 Bd5 21.Re3 Bxc4
22.Bxh7+ Kxh7 23.Rh3+ Kg7 24.Rg3+ Kf8 25.Rd8+ Rxd8 26.Qb4+ Ke8 27.Ra3 Rac8  0-1

[Event "III Open"]
[Site "Cali COL"]
[Date "1999.12.27"]
[Round "2"]
[White "Zabaleta,L"]
[Black "Alzate,D"]
[Result "0-1"]
[WhiteElo "2175"]
[BlackElo "2403"]

1.d4 Nf6 2.Nf3 d5 3.c4 e6 4.Nc3 c6 5.e3 Nbd7 6.Bd3 a6 7.O-O dxc4 8.Bxc4 b5
9.Bd3 Bb7 10.e4 c5 11.e5 cxd4 12.exf6 dxc3 13.fxg7 Bxg7 14.Bg5 cxb2 15.Rb1 Qc7
16.Re1 Rc8 17.Nh4 Ne5 18.Bf4 Qc3 19.Bxe5 Bxe5 20.Qh5 Rc5 21.Nf5 Bf6 22.Rxe6+ Kf8
23.Qh6+ Bg7 24.Qh4 fxe6 25.Qd8+ Kf7 26.Qe7+ Kg6 27.Re1  0-1

[Event "III Open"]
[Site "Cali COL"]
[Date "1999.12.30"]
[Round "8"]
[White "Contreras,H"]
[Black "Abreu,A"]
[Result "0-1"]
[WhiteElo "2265"]
[BlackElo "2427"]

1.d4 d5 2.c4 c6 3.Nc3 Nf6 4.e3 e6 5.Nf3 Nbd7 6.Bd3 dxc4 7.Bxc4 b5 8.Bd3 Bb7
9.O-O a6 10.e4 c5 11.d5 Qc7 12.Re1 c4 13.Bc2 Bd6 14.Qe2 e5 15.Nh4 g6 16.Bh6 Bf8
17.Qd2 Bxh6 18.Qxh6 Qc5 19.h3 Nh5 20.Rad1 Qd6 21.g3 Qf8 22.Qc1 Qc5 23.Kg2 b4
24.Nb1 a5 25.Ba4 Kd8 26.Bxd7 Kxd7 27.Nd2 Ba6 28.Nf1 f6 29.Ne3 Rhg8 30.Ng4 Qd6
31.f4 Rae8 32.fxe5 fxe5 33.Qe3 Rg7 34.Rf1 Kc8 35.Rf2 Rc7 36.Qg5 Ree7 37.Nf5 gxf5
38.Qxf5+ Kb7 39.Qxh5 c3 40.Rf6 c2 41.Rc1 Qc5 42.Qh6 Rf7 43.Rxa6 Qb5 44.Rf6 Qe2+
45.Rf2 Qxe4+ 46.Kg1 Rxf2 47.Nxf2 Qxd5 48.Qe3 Qxa2 49.Qxe5 Rc6 50.Nd3 Qc4  0-1

[Event "Alushta3"]
[Site "Alushta"]
[Date "1999.??.??"]
[Round "?"]
[White "Moskalenko, Viktor"]
[Black "Edzgveradze, Natalia"]
[Result "1/2-1/2"]
[WhiteElo "2469"]
[BlackElo "2295"]

1.d4 Nf6 2.c4 c6 3.Nc3 d5 4.Nf3 e6 5.e3 Nbd7 6.Qc2 Bd6 7.Bd3 dxc4 8.Bxc4 O-O
9.O-O Qe7 10.h3 e5 11.Rd1 h6 12.Nh4 Nb6 13.Ng6 Qc7 14.dxe5 Bxe5 15.Nxf8 Nxc4
16.Ne4 Nxe4 17.Qxe4 b5 18.f4 Bf6 19.Qe8 Nd6 20.Rxd6 Qxd6 21.Nd7+ Kh7 22.Nxf6+ Qxf6
23.Kh2 h5 24.a4 h4 25.Qe4+ Bf5 26.Qf3 Qg6 27.axb5 cxb5 28.Bd2 Be4 29.Qg4 Qxg4
30.hxg4 Rd8 31.Be1 Rd7 32.Bxh4 Rd2 33.Rxa7 Rxg2+ 34.Kh3 Rxb2 35.Rxf7 Re2
36.f5 Rxe3+ 37.Kh2 Kg8 38.Rc7 b4 39.Rc8+ Kf7 40.Rc7+ Kg8 41.Rc8+ Kf7 42.Rb8 b3
43.Kg1 Rd3 44.Bf2 Bf3 45.g5 Rd5 46.Rxb3 Rxf5 47.Be3  1/2-1/2

[Event "Athens op"]
[Site "Athens"]
[Date "1999.??.??"]
[Round "2"]
[White "Scekic, Milos"]
[Black "Poteas, Ioannis"]
[Result "1-0"]
[WhiteElo "2460"]
[BlackElo "2012"]

1.d4 d5 2.c4 e6 3.Nf3 c6 4.Nc3 Nf6 5.e3 Nbd7 6.Qc2 Bd6 7.g4 dxc4 8.Bxc4 Nd5
9.Ne4 Bb4+ 10.Ke2 b6 11.Bd2 Qe7 12.Ne5 Nxe5 13.dxe5 O-O 14.g5 Bxd2 15.Qxd2 Rd8
16.Qe1 b5 17.Bd3 c5 18.Rd1 Qc7 19.f4 c4 20.Bb1 Qb6 21.Qg3 Ne7 22.Rxd8+ Qxd8
23.Rd1 Qf8 24.Nd6 Nf5 25.Qf3 Rb8 26.Qc6 Nxd6 27.exd6 Bb7 28.Qc7 Qd8 29.Rd4 Kf8
30.Qc5 Qb6 31.Qe5 Kg8 32.h4 Rd8 33.h5 Qc6 34.Be4 Qd7 35.Bc2 Qc6 36.e4 Qd7
37.h6 f6 38.gxf6 gxh6 39.Rd1 Kf8 40.f7 Kxf7 41.Rg1 Rg8 42.Qh5+  1-0

[Event "Athens op"]
[Site "Athens"]
[Date "1999.??.??"]
[Round "4"]
[White "Grivas, Efstratios"]
[Black "Kapnisis, Spyridon"]
[Result "1-0"]
[WhiteElo "2528"]
[BlackElo "2302"]

1.d4 d5 2.c4 c6 3.Nc3 Nf6 4.e3 e6 5.Nf3 Nbd7 6.Qc2 Bd6 7.a3 O-O 8.Bd2 Qe7
9.Rd1 a6 10.Bd3 e5 11.dxe5 Nxe5 12.Nxe5 Qxe5 13.cxd5 cxd5 14.Ne2 Qg5 15.Bc3 Kh8
16.Ng3 Re8 17.h4 Qg4 18.Be2 Qe6 19.Nh5 Nxh5 20.Bxh5 Bd7 21.Bf3 Bc6 22.h5 h6
23.Rh4 Rac8 24.Rg4 d4 25.Rgxd4 Be5 26.Bg4 Qe7 27.Bxc8 Bxd4 28.Rxd4 Rxc8 29.Qf5 Re8
30.Rg4 f6 31.Rxg7 Kxg7 32.Qg6+ Kf8 33.Bb4  1-0

[Event "AUT-chT 9899"]
[Site "AUT"]
[Date "1999.??.??"]
[Round "?"]
[White "Baumegger, Siegfried"]
[Black "Volkmann, Friedrich"]
[Result "1/2-1/2"]
[WhiteElo "2495"]
[BlackElo "2415"]

1.d4 d5 2.Nf3 Nf6 3.c4 c6 4.Nc3 e6 5.e3 Nbd7 6.Qc2 Bd6 7.Be2 O-O 8.O-O Re8
9.Rd1 Qe7 10.b3 b6 11.e4 Nxe4 12.Nxe4 dxe4 13.Qxe4 Bb7 14.Bg5 Nf6 15.Qh4 h6
16.Be3 c5  1/2-1/2

[Event "AUT-chT 9899"]
[Site "AUT"]
[Date "1999.??.??"]
[Round "?"]
[White "Stanec, Nikolaus"]
[Black "Videki, Sandor"]
[Result "1-0"]
[WhiteElo "2485"]
[BlackElo "2430"]

1.d4 d5 2.c4 c6 3.e3 Nf6 4.Nc3 e6 5.Nf3 Nbd7 6.Qc2 Bd6 7.Bd2 O-O 8.O-O-O Ng4
9.Be1 f5 10.h3 Nh6 11.Be2 a6 12.g4 b5 13.gxf5 dxc4 14.fxe6 Nb6 15.Rg1 Bxe6
16.Ng5 Bf5 17.e4 Bc8 18.Bd2 Kh8 19.Be3 Bf4 20.Rg2 Ra7 21.Qd2 Bxe3 22.Qxe3 Re7
23.Qd2 Nf7 24.Rdg1 Nxg5 25.Qxg5 Rf6 26.e5 Rg6 27.Qf4 Rxg2 28.Rxg2 Be6 29.Bg4 Rf7
30.Qd2 Bd5 31.Nxd5 Nxd5 32.Be6 Re7 33.Bf5 Qf8 34.Be4 Rf7 35.f3 Rf4 36.Rg4 Rxg4
37.hxg4 Qe7 38.Kb1 Qh4 39.a3 Qe7 40.Qa5 c3 41.Qxa6  1-0

[Event "AUT-chT 9899"]
[Site "AUT"]
[Date "1999.??.??"]
[Round "?"]
[White "Duer, Werner"]
[Black "Videki, Sandor"]
[Result "0-1"]
[WhiteElo "2320"]
[BlackElo "2430"]

1.d4 d5 2.c4 c6 3.Nc3 Nf6 4.e3 e6 5.Nf3 Nbd7 6.Bd3 dxc4 7.Bxc4 b5 8.Bd3 Bb7
9.e4 b4 10.Na4 c5 11.e5 Nd5 12.dxc5 Rc8 13.Bg5 Qa5 14.O-O Ba6 15.Bxa6 Qxa6
16.a3 bxa3 17.Rxa3 Qb7 18.Be3 Nxe3 19.Rxe3 Nxc5 20.Nxc5 Bxc5 21.Rb3 Qe7 22.Rc3 O-O
23.Qc2 Rc7 24.Rc1 Rfc8 25.Nd4 Bb6 26.Nc6 Qe8 27.Qe4 g6 28.g4 Ra8 29.Rd1 Rac8
30.Rd6 h6 31.h4 Kg7 32.h5 g5 33.Qf3 Rd7 34.Qf6+ Kh7 35.Rxd7 Qxd7 36.Ne7 Rf8
37.Rf3 Qd1+ 38.Kg2 Bd8 39.b4 Qd4 40.Kh3 Qe4 41.Qxf7+ Rxf7 42.Rxf7+ Kh8 43.Ng6+ Kg8
44.Rf8+ Kg7 45.Rxd8 Qf3+ 46.Kh2 Qxf2+ 47.Kh3 Qf3+ 48.Kh2 Qxg4 49.Rd7+ Kg8  0-1

[Event "AUT-chT 9899"]
[Site "AUT"]
[Date "1999.??.??"]
[Round "?"]
[White "Lukacs, Peter"]
[Black "Horvath, Csaba"]
[Result "1/2-1/2"]
[WhiteElo "2515"]
[BlackElo "2535"]

1.d4 d5 2.c4 c6 3.Nf3 Nf6 4.Nc3 e6 5.e3 Nbd7 6.Bd3 dxc4 7.Bxc4 b5 8.Bd3 a6
9.e4 c5 10.e5 cxd4 11.Nxb5 Nxe5 12.Nxe5 axb5 13.Bxb5+ Bd7 14.Nxd7 Qa5+ 15.Bd2 Qxb5
16.Nxf8 Rxf8 17.a4 Qc4 18.b3 Qd3 19.Qf3 Qe4+ 20.Qxe4 Nxe4 21.b4 Ke7 22.f3 Nc3
23.Bxc3 dxc3 24.Ke2 Rfd8 25.Rhd1 c2 26.Rdc1 Rd4 27.Rxc2  1/2-1/2

[Event "AUT-chT 9899"]
[Site "AUT"]
[Date "1999.??.??"]
[Round "?"]
[White "Pinter, Jozsef"]
[Black "Groszpeter, Attila"]
[Result "1-0"]
[WhiteElo "2590"]
[BlackElo "2505"]

1.d4 d5 2.c4 c6 3.e3 Nf6 4.Nc3 e6 5.Nf3 Nbd7 6.Bd3 dxc4 7.Bxc4 b5 8.Bd3 Bd6
9.O-O O-O 10.Bd2 Bb7 11.Rc1 Rc8 12.a3 a5 13.Ng5 h6 14.Nge4 Be7 15.Qe2 Re8
16.Rfd1 Nd5 17.Be1 Bf8 18.Bb1 Qb6 19.h3 g6 20.Bd3 Nxc3 21.Nxc3 e5 22.d5 Nc5
23.Bc2 Red8 24.e4 b4 25.axb4 axb4 26.Na4 Nxa4 27.Bxa4 cxd5 28.Rxc8 Rxc8 29.exd5 Bd6
30.Qg4 h5 31.Qf3 Qc7 32.Bd2 f5 33.Bc6 Bxc6 34.dxc6 Qxc6 35.Qg3 Kf7 36.Bg5 Re8
37.Qb3+ Re6 38.Ra1 Qb7  1-0

[Event "AUT-chT 9899"]
[Site "AUT"]
[Date "1999.??.??"]
[Round "?"]
[White "Schroll, Gerhard"]
[Black "Lehner, Oliver"]
[Result "1/2-1/2"]
[WhiteElo "2395"]
[BlackElo "2420"]

1.d4 d5 2.c4 e6 3.Nc3 c6 4.e3 Nf6 5.Nf3 Nbd7 6.Bd3 dxc4 7.Bxc4 b5 8.Bd3 Bb7
9.O-O a6 10.e4 c5 11.d5 c4 12.dxe6 fxe6 13.Bc2 Qc7 14.e5 Nxe5 15.Nxe5 Qxe5
16.Re1 Qd6 17.Qxd6 Bxd6 18.Rxe6+ Kd7 19.Re1 Kc7 20.Bg5 Rae8 21.f3 Re5 22.Rxe5 Bxe5
23.Re1 Bd6 24.Re6 Nd7 25.Be7 Be5 26.Be4 Bxe4 27.Nxe4  1/2-1/2

[Event "Bad Woerishofen op"]
[Site "Bad Woerishofen"]
[Date "1999.??.??"]
[Round "7"]
[White "Mahn, Franko"]
[Black "Reefschlaeger, Helmut"]
[Result "1/2-1/2"]
[WhiteElo "2191"]
[BlackElo "2372"]

1.d4 d5 2.c4 e6 3.Nc3 c6 4.e3 Nf6 5.Nf3 Nbd7 6.Bd3 dxc4 7.Bxc4 b5 8.Bd3 Bb7
9.O-O b4 10.Na4 Rc8 11.Qb3 a5 12.Rd1 c5 13.dxc5 Bxc5 14.Nxc5 Rxc5 15.a3  1/2-1/2

[Event "Bad Woerishofen op"]
[Site "Bad Woerishofen"]
[Date "1999.??.??"]
[Round "8"]
[White "Epishin, Vladimir"]
[Black "Savchenko, Stanislav"]
[Result "1-0"]
[WhiteElo "2578"]
[BlackElo "2539"]

1.d4 d5 2.c4 c6 3.Nc3 Nf6 4.e3 e6 5.Nf3 Nbd7 6.Qc2 Bd6 7.Bd3 O-O 8.O-O dxc4
9.Bxc4 a6 10.Rd1 b5 11.Be2 Qc7 12.e4 e5 13.g3 Re8 14.a3 exd4 15.Nxd4 Bb7
16.Bf3 Be5 17.Nf5 g6 18.Nh6+ Kg7 19.Bg5 c5 20.Bg2 Bd4 21.Nxb5 axb5 22.Rxd4 Qe5
23.Rxd7 Nxd7 24.Bf4 Qe6 25.Rd1 Nf6 26.Rd6 Bxe4 27.Qc3 b4 28.Qxc5 Rac8 29.Rxe6 Rxc5
30.Rxe8 Bxg2 31.axb4 Rb5 32.Re7 Bf3 33.Be5 Kxh6 34.Bxf6 Rxb4 35.Re3 Bd5 36.f3 Rb3
37.Bc3  1-0

[Event "Bagneux"]
[Site "Bagneux"]
[Date "1999.??.??"]
[Round "3"]
[White "Doornbos, Yann"]
[Black "Bartha, Sandor"]
[Result "1-0"]
[WhiteElo "2340"]
[BlackElo "2245"]

1.d4 d5 2.c4 c6 3.Nc3 Nf6 4.e3 e6 5.Nf3 Be7 6.Bd3 dxc4 7.Bxc4 O-O 8.e4 b6
9.Qe2 Bb7 10.O-O Nbd7 11.Rd1 b5 12.Bb3 b4 13.Na4 Qa5 14.e5 Nd5 15.Bg5 Qd8
16.Bxe7 Qxe7 17.Rac1 a5 18.Nc5 Nxc5 19.Rxc5 a4 20.Bc2 g6 21.a3 b3 22.Be4 Rfd8
23.Rdc1 Qd7 24.Qd2 Kg7 25.Bxd5 exd5 26.Qf4 Qe6 27.h4 h6 28.Nh2 h5 29.R5c3 Rac8
30.Rf3 c5 31.Qg5 cxd4 32.Rxc8 Rxc8 33.Rf6 Qe8 34.Nf3 d3 35.e6 d2 36.Nxd2 fxe6
37.Nf3 d4 38.Nxd4 Be4 39.Qe5 Rc1+ 40.Kh2 Rc5 41.Nxe6+  1-0

[Event "Landesliga Sued 9899"]
[Site "Bayern"]
[Date "1999.??.??"]
[Round "?"]
[White "Schnelzer, Reinhold"]
[Black "Boehm, Uwe"]
[Result "1-0"]
[WhiteElo "2285"]
[BlackElo "2230"]

1.Nf3 d5 2.d4 Nf6 3.c4 c6 4.Nc3 e6 5.e3 Nbd7 6.Bd3 dxc4 7.Bxc4 b5 8.Bd3 a6
9.e4 c5 10.d5 Qc7 11.dxe6 fxe6 12.O-O Bd6 13.Bxb5 O-O 14.Bc4 Ne5 15.Nxe5 Bxe5
16.h3 Bd4 17.Ne2 Rd8 18.Nxd4 Rxd4 19.Qc2 Rxe4 20.Bg5 Rd4 21.Be3 Rh4 22.Be2 c4
23.Bg5 Rd4 24.Bxf6 gxf6 25.Rfd1 Rh4 26.Rac1 Bb7 27.Bxc4 Qc6 28.Bf1 Qxc2 29.Rxc2 Bd5
30.g3 Rb4 31.Bg2 Bxg2 32.Kxg2 Ra7 33.Kf3 Rb6 34.Rd8+ Kg7 35.Rdc8 Kg6 36.b3 a5
37.R8c6 Rab7 38.Rxb6 Rxb6 39.Ke3 Rb5 40.Rc4 h5 41.Kd3 e5 42.Kc2 f5 43.a3 e4
44.h4 Kf6 45.b4 axb4 46.axb4 Rd5 47.Kb3 Rd2 48.Rc2 Rd3+ 49.Kc4 f4 50.gxf4 Kf5
51.b5 Rd8 52.Rb2 Kg4 53.b6 Kxh4 54.b7 Rb8 55.Kd4 Kg4 56.Kxe4 h4 57.f3+ Kg3
58.f5 h3 59.f6 h2 60.Rxh2 Kxh2 61.f7 Kg3 62.Kd5 Kxf3 63.Kd6 Ke4 64.Kc7 Rf8
65.b8=Q Rxf7+ 66.Kd6  1-0

[Event "Regionalliga SW9899"]
[Site "Bayern"]
[Date "1999.??.??"]
[Round "?"]
[White "Altmann, Christoph"]
[Black "Schwarm, Gordon Charles"]
[Result "1/2-1/2"]
[WhiteElo "1985"]
[BlackElo "1980"]

1.d4 d5 2.c4 c6 3.e3 Nf6 4.Nc3 e6 5.Nf3 Be7 6.Bd3 O-O 7.O-O Nbd7 8.e4 dxe4
9.Nxe4 Nxe4 10.Bxe4 c5 11.dxc5 Nxc5 12.Bc2 Qxd1 13.Rxd1 Bf6 14.Rb1 a5 15.Be3 b6
16.b3 Bb7 17.Rd6 Bxf3 18.gxf3 Rab8 19.Rxb6 Rxb6 20.Bxc5 Rbb8 21.Bxf8 Kxf8
22.Kf1 Ke7 23.Rd1 g5 24.Ke2 h6 25.h3 Rb6 26.Bd3 Bd4 27.Rh1 Kd6 28.h4 f6 29.hxg5 hxg5  1/2-1/2

[Event "Regionalliga SW9899"]
[Site "Bayern"]
[Date "1999.??.??"]
[Round "?"]
[White "Buck, Lars"]
[Black "Suessmann, Peter"]
[Result "1-0"]
[WhiteElo "2075"]
[BlackElo "2115"]

1.d4 d5 2.c4 c6 3.Nc3 Nf6 4.Nf3 e6 5.e3 Be7 6.Qc2 O-O 7.Bd2 a6 8.g4 dxc4
9.g5 Nd5 10.Bxc4 b5 11.Bd3 g6 12.Nxd5 exd5 13.h4 Bb7 14.h5 Qd6 15.Rh3 c5
16.dxc5 Qe6 17.Rh4 Nc6 18.O-O-O Bxc5 19.Kb1 Rac8 20.Rdh1 Ne7 21.hxg6 fxg6
22.Rxh7 d4 23.Rh8+ Kf7 24.R1h7+ Ke8 25.exd4 Bd6 26.Qd1 Kd7 27.Ne5+ Bxe5 28.Rxf8 Rxf8
29.dxe5 Qxe5 30.Bc3 Qd6 31.Qg4+ Ke8 32.Qe2 Bf3 33.Rxe7+ Qxe7 34.Bxg6+ Kd7
35.Qxe7+ Kxe7 36.Bb4+  1-0

[Event "Regionalliga NO9899"]
[Site "Bayern"]
[Date "1999.??.??"]
[Round "?"]
[White "Kordts, Wolfgang"]
[Black "Roesch, Gerald"]
[Result "1/2-1/2"]
[WhiteElo "2150"]
[BlackElo "2080"]

1.d4 Nf6 2.c4 e6 3.Nf3 d5 4.Nc3 c6 5.e3 Bd6 6.Bd3 Nbd7 7.O-O dxc4 8.Bxc4 O-O
9.e4 e5 10.Bg5 Qe7 11.d5 Nb6 12.Bb3 Bg4 13.dxc6 bxc6 14.h3 Bxf3 15.Qxf3 Rfd8
16.Rfd1 h6 17.Bxf6 Qxf6 18.Qxf6 gxf6 19.Rd3 Bc5  1/2-1/2

[Event "Regionalliga SW9899"]
[Site "Bayern"]
[Date "1999.??.??"]
[Round "?"]
[White "Unger, Michael"]
[Black "Kampen, Hans"]
[Result "1/2-1/2"]
[WhiteElo "2135"]
[BlackElo "2015"]

1.d4 d5 2.c4 e6 3.Nc3 c6 4.e3 Nf6 5.Nf3 Nbd7 6.Bd3 dxc4 7.Bxc4 b5 8.Bb3 a6
9.O-O Bb7 10.Qe2 c5 11.a3 Qb6 12.Rd1 Be7 13.e4 cxd4 14.Nxd4 Ne5 15.Bf4 Nc6
16.Nxc6 Bxc6 17.Nd5 exd5 18.exd5 O-O 19.dxc6 Bc5 20.Qf3 Rac8 21.Bd6 Rfd8
22.Bxc5 Qxc5 23.Rac1 Qe7 24.Rxd8+ Qxd8 25.c7 Qd7 26.h3 h6 27.Qb7 Ne8 28.Qxa6 Rxc7
29.Rd1 Qc6 30.Qxc6 Rxc6 31.Rd8 Kf8 32.Bd5 Rc1+ 33.Kh2 Rd1 34.Rd7 Nd6 35.Rxd6 Ke7
36.Rb6 Rxd5 37.b3 Rf5 38.Kg3 Kd7 39.a4 bxa4 40.bxa4 Kc7 41.Rb5 Rxb5 42.axb5 Kb6
43.Kf4 Kxb5 44.Kf5 Kc6 45.h4 Kd7 46.g4 Ke7 47.h5 Kf8 48.f4 f6  1/2-1/2